Pokemon quiz (type combat) - Statistiques

Statistiques générales
  • Ce quiz a été pris 67 fois
  • Le résultat moyen est 29 sur 54
Statistiques - réponses
Hint Réponse % Correct
1g machoc
93%
1g machopeur
93%
1g mackogneur
93%
1g tygnon
86%
1g kicklee
84%
1g colossinge
82%
1g ferosinge
80%
4g lucario
70%
3g hariyama
68%
5g terrakium
68%
3g charmina
66%
5g cobaltium
66%
3g meditikka
66%
5g viridium
66%
2g debugant
64%
2g kapoera
64%
4g riolu
64%
1g tartard
64%
5g betochef
63%
3g brasegali
63%
3g makuhita
63%
5g ouvrifier
61%
5g charpenti
59%
3g galifeu
59%
5g keldeo
59%
4g simiabraz
59%
4g chimpenfeu
57%
5g judokrak
57%
5g karaclee
57%
5g grotichon
55%
5g roitiflam
55%
6g brutalibre
52%
5g kungfouine
48%
5g shaofouine
48%
3g chapignon
43%
6g blindepique
41%
4g gallame
41%
7g crabagarre
39%
4g coatox
38%
7g crabominable
38%
2g scarhino
36%
4g cradopaud
34%
7g mouscoto
34%
7g marshadow
32%
6g pandarbare
32%
7g ekaiser
30%
6g pandespiegle
30%
7g quatermac
27%
7g cancrelove
25%
5g baggiguane
23%
5g baggaid
21%
7g ekaid
18%
7g chelours
13%
7g nounourson
13%
Aucun quiz correspondant
Distribution des résultats
% des personnes avec chaque résultat
Percentile par nombre de réponses
Votre historique - résultats
Vous n’avez pas pris ce quiz